[Event "110th Anniversary Open 2020"]
[Site "Hilleroed"]
[Date "2020.02.14"]
[Round "8.5"]
[White "Schultz-Pedersen, Jesper"]
[Black "Wu, Sibo"]
[Result "1/2-1/2"]
[WhiteElo "2058"]
[BlackElo "2060"]
[Annotator "TA"]
[PlyCount "129"]
[EventDate "2020.02.08"]
[EventType "swiss"]
[EventCountry "DEN"]
[SourceTitle "playchess.com"]
[Source "ChessBase"]
[SourceQuality "1"]

{[%evp 12,129,-4,-25,-28,-55,-35,-56,-65,-62,-60,-47,-42,-58,-8,-43,51,66,137,86,119,94,121,116,116,113,160,158,154,141,152,112,115,106,220,201,220,197,171,115,117,131,260,278,388,394,393,243,241,241,252,234,239,179,180,179,266,280,281,205,191,182,300,300,395,353,503,490,463,432,477,459,610,606,655,531,573,505,787,769,1070,1013,1203,458,468,386,250,296,277,187,193,0,0,0,0,0,0,0,0,0,8,-8,-8,-196,-218,-645,-8,-8,0,0,0,0,0,0,0,0,0,0,8,8]} 1. e4 c5 2. f4 Nc6 3. Nf3 e6 4. Bb5 Nge7 5. Nc3 a6 6. Bxc6 Nxc6 7. O-O Be7 {B23: Closed Sicilian: Lines without g3.} 8. b3 d5 9. Bb2 {[#]} d4 $146 {Black is slightly better.} ({Predecessor:} 9... O-O 10. d3 b5 11. Qe1 Nb4 12. Qf2 d4 13. Nb1 Bd6 14. Bc1 f5 15. a3 Nc6 16. e5 Be7 17. Kh1 Qb6 {1-0 (42) Meera,S (2155)-Saranya,J (1981) Sort 2009}) 10. Ne2 b5 {[%cal Bb7b5,Bb5b4][%mdl 32]} 11. d3 Bb7 12. Qe1 b4 13. Qg3 Rg8 (13... O-O $15) 14. a3 Qb6 (14... h5 $14) 15. Ne5 ({Better is} 15. f5) 15... a5 16. Qh3 h6 17. axb4 axb4 18. Qh5 Rf8 19. Rxa8+ Bxa8 20. Nc4 $1 {[%cal Rc4b6]} Qc7 21. Ra1 Bb7 22. Bc1 Kd8 (22... Rh8 $16) 23. Ng3 Kc8 24. Bd2 Qd8 25. Qh3 (25. f5 $18) 25... Kb8 $16 26. e5 f5 (26... g6 $16 27. Qxh6 Rh8) 27. exf6 $1 $18 Bxf6 28. Qxe6 Re8 29. Qd6+ Qxd6 30. Nxd6 Rf8 31. Nge4 Be7 32. Nxb7 Kxb7 33. g4 g6 (33... Na7 $142 34. f5 Nb5) 34. Kg2 Nd8 35. Kg3 Ne6 36. Re1 Nc7 (36... Ng7 $142 37. Kg2 Rg8) 37. Rf1 Ra8 38. h4 Ra2 (38... Kc6 {is a better defense.} 39. f5 gxf5) 39. f5 gxf5 40. gxf5 Bf8 41. Kg4 Rxc2 {Now ...Nd5 and Black clings on.} 42. Kh5 Kc6 43. Kg6 Rb2 44. Bxh6 Bxh6 (44... Rg2+ $142 45. Kh5 Bxh6) 45. Kxh6 Rxb3 {[%mdl 4096] Endgame KRN-KRN} 46. f6 Ne6 47. Ng5 (47. f7 $142 {Hoping for Rf6!} Nf8 48. Rf6+ Kd7 49. Kg7) 47... Nf8 48. Kg7 Nd7 49. h5 Rxd3 50. h6 {aiming for h7.} Rg3 {[#]} 51. Rf5 $2 ({Avoid the trap} 51. h7 $2 Rxg5+ 52. Kh6 Rg3 $19) (51. Kg6 $1 $18 {And now h7 would win.} Rg2 52. h7) 51... b3 52. h7 b2 53. h8=Q {Strongly threatening Qc8+.} b1=Q 54. Qc8+ Kd6 55. Qa6+ Qb6 $1 $132 {[%cal Rb6a6][%mdl 2048] Black has counterplay} 56. Qxb6+ Nxb6 $11 {KRN-KRN} 57. Kf7 $2 {[#]} (57. f7 $11 Nd7 58. Kh6) 57... Re3 $1 $19 58. Rf4 $2 (58. Kg6 Nd7 59. f7) 58... Nd5 $2 (58... d3 $19 {White must now prevent ...d2.} 59. Nf3 c4) 59. Re4 $1 $11 {The position is equal.} Nxf6 60. Kxf6 Rxe4 61. Nxe4+ {KN-KPP} Kd5 62. Kf5 c4 63. Nf6+ Kc5 64. Ke4 d3 {Threatens to win with ...d2.} 65. Ke3 {Accuracy: White = 67%, Black = 45%.} 1/2-1/2

[Event "110th Anniversary Open 2020"]
[Site "Hilleroed"]
[Date "2020.02.14"]
[Round "8.6"]
[White "Andersen, Soren Bull"]
[Black "Thorsbro, Peter"]
[Result "0-1"]
[WhiteElo "2100"]
[BlackElo "2159"]
[Annotator "TA"]
[PlyCount "74"]
[EventDate "2020.02.08"]
[EventType "swiss"]
[EventCountry "DEN"]
[SourceTitle "playchess.com"]
[Source "ChessBase"]
[SourceQuality "1"]

{[%evp 16,74,19,0,28,0,0,0,0,0,0,0,0,0,0,0,0,0,0,-5,0,0,9,0,0,0,0,-11,-7,-33,-19,-35,-14,-15,0,0,10,9,8,3,100,0,33,8,1,-446,-448,-447,-428,-718,-603,-800,-778,-677,-795,-765,-731,-696,-655,-29995,-29996]} 1. d4 Nf6 2. c4 e6 3. Nc3 Bb4 4. Nf3 O-O 5. g3 d5 6. Bg2 dxc4 7. O-O Nbd7 8. Qc2 c6 9. a4 Qa5 {E01: Catalan: Early deviations.} 10. Nd2 Nb6 11. Nce4 {[#]} Nxe4 $146 {The position is equal.} ({Predecessor:} 11... Nfd5 12. Ng5 Nf6 13. Nxc4 Nxc4 14. Qxc4 Bd7 15. Nf3 h6 16. Ne5 Rac8 17. Qb3 c5 18. dxc5 Bxc5 19. Nxd7 Nxd7 20. Qxb7 {1-0 (35) Rakic,T (2004)-Janjic,S (2137) Belgrade 2016}) 12. Bxe4 h6 13. Nxc4 Nxc4 14. Qxc4 e5 15. dxe5 Be6 16. Qc2 Qxe5 17. Bf4 Qa5 18. Rfd1 Be7 19. Rd3 Qb4 20. Rf3 Rad8 21. Bh7+ Kh8 22. Bd3 Bd5 23. e4 Be6 (23... Bb3 $5 {[%cal Rb3c2]} 24. Qc1 Be6 $15) 24. Bd2 Qd6 25. Bc3 Bg5 26. Bf1 Bg4 $36 {[%mdl 2048] Black has the initiative.} 27. Rd3 Qe7 {[#]} (27... Qe6 $11) 28. f4 ({White should try} 28. h4 $1 $16 {[%cal Rh4g5]} Rxd3 29. Qxd3) 28... Qc5+ 29. Kg2 Bf6 30. b4 $2 {[%mdl 8192]} (30. h3 $11 Be6 31. Rad1 Rxd3 32. Rxd3) 30... Rxd3 $19 31. bxc5 Rxc3 32. Qb1 (32. Qf2 $142 Bf3+ 33. Kg1) 32... Rd8 {aiming for ...Rd2+.} 33. e5 {[#]} Rd2+ $1 34. Kg1 Be7 35. Bg2 Bxc5+ 36. Kh1 Rcc2 37. Qf1 {[#]} Bh3 $1 {[%mdl 512] Accuracy: White = 54%, Black = 85%.} 0-1

[Event "110th Anniversary Open 2020"]
[Site "Hilleroed"]
[Date "2020.02.14"]
[Round "8.7"]
[White "Nilssen, John Arni"]
[Black "Bronnum, Jan"]
[Result "1-0"]
[WhiteElo "2333"]
[BlackElo "2034"]
[Annotator "TA"]
[PlyCount "53"]
[EventDate "2020.02.08"]
[EventType "swiss"]
[EventCountry "DEN"]
[SourceTitle "playchess.com"]
[Source "ChessBase"]
[SourceQuality "1"]

{[%evp 9,56,3,16,15,34,11,33,23,23,30,43,46,87,72,69,45,77,77,75,94,87,8,12,11,9,17,117,123,127,96,186,181,254,230,255,262,243,223,347,378,861,860,842,827,1190,930,903,895,29999]} 1. c4 c5 2. g3 g6 3. Bg2 Bg7 4. Nc3 Nc6 5. a3 a6 6. Nf3 {A36: Symmetrical English vs ...g6: 4 Bg2 Bg7.} e5 7. b4 {[#]} d6 $146 ({Predecessor:} 7... Nge7 8. Rb1 cxb4 9. axb4 O-O 10. O-O d5 11. cxd5 Nxd5 12. Nxd5 Qxd5 13. d3 Qb5 {½-½ (24) Swoboda,E-Roehrl,K (2370) Lienz 1979}) 8. bxc5 {White is slightly better.} dxc5 9. Rb1 Nge7 10. Na4 Qd6 11. d3 Rb8 12. Rb6 O-O 13. Be3 Qc7 14. Bxc5 Rd8 {With the idea ...e4.} 15. O-O ({Better is} 15. Ng5 $16) 15... e4 $1 $11 {[%cal Re4f3]} 16. Ng5 $36 {[%mdl 2048] White is more active.} exd3 $1 17. exd3 Bd4 (17... Bf5 $11 {remains equal.}) 18. Bxd4 $16 (18. Qf3 Bf5 $11) 18... Nxd4 19. Ne4 Nec6 (19... Bf5 $16) 20. Nf6+ $18 Kg7 (20... Kh8 $142 21. Nd5 Qe5) 21. Nd5 Qd6 22. Qa1 Kg8 23. Re1 {Threatens to win with Ne7+!} Be6 (23... Nc2 {is a better defense.} 24. Ne7+ Qxe7 25. Rxe7 Nxa1 26. Bxc6 {[%mdl 64] Pin} Rxd3) 24. Qb2 Bc8 $2 (24... Qf8 25. Nf6+ (25. Rxb7 Rxb7 26. Qxb7 Qxa3 $16) 25... Kh8 26. Bxc6 (26. Rxb7 Rxb7 27. Qxb7 {[%mdl 64] Double Attack} Qd6 $18) 26... Qg7) 25. c5 Qf8 26. Nf6+ Kg7 27. Bxc6 {Played: Rb6xc6} 1-0

[Event "110th Anniversary Open 2020"]
[Site "Hilleroed"]
[Date "2020.02.14"]
[Round "8.8"]
[White "Madsen, Michael Ole"]
[Black "Jorgensen, Dennis"]
[Result "1/2-1/2"]
[WhiteElo "2042"]
[BlackElo "2154"]
[Annotator "TA"]
[PlyCount "93"]
[EventDate "2020.02.08"]
[EventType "swiss"]
[EventCountry "DEN"]
[SourceTitle "playchess.com"]
[Source "ChessBase"]
[SourceQuality "1"]

{[%evp 9,93,-1,31,15,12,13,13,8,16,14,24,-15,-13,-5,-8,-20,-2,-19,16,-18,0,0,0,0,0,-24,-16,-33,-30,-47,-42,-55,-41,-47,-19,-21,-14,-13,-10,-18,-12,-10,2,-8,6,-54,-53,-54,-53,-85,-69,-109,-104,-129,-133,-118,-103,-108,-103,-110,-110,-105,-103,-95,-93,-118,-96,-115,0,-85,-85,-85,0,0,60,63,65,62,65,8,20,0,70,0,470,468]} 1. d4 Nf6 2. c4 e6 3. Nf3 b6 4. Bf4 Bb7 5. e3 h6 6. h3 {[#] E12: Queen's Indian: Unusual White 4th moves, 4 a3, 4 Nc3 Bb7 5 a3 and 4 Nc3 Bb7 .} Bd6 $146 ({Predecessor:} 6... d6 7. Nc3 Nbd7 8. Be2 Be7 9. Qc2 g5 10. Bg3 Rg8 11. O-O-O a6 12. e4 Nh5 13. Bh2 {0-1 (41) Lajthajm,B (2395)-Lupulescu,C (2649) Satu Mare 2020}) 7. Bxd6 cxd6 8. Nc3 {The position is equal.} d5 9. cxd5 Nxd5 10. Bd3 Nxc3 11. bxc3 O-O 12. O-O d6 13. Qe2 Nd7 14. Rac1 Re8 15. Nd2 Nf6 16. Ba6 Qc8 17. Bb5 Re7 18. Qd3 Rc7 19. e4 a6 20. Ba4 $1 b5 21. Bb3 Qd8 22. a4 Rac8 23. axb5 axb5 24. Rfe1 Qd7 25. Rc2 e5 26. Ra1 d5 {[%cal Rd5e4]} 27. exd5 ({White should try} 27. dxe5 $11 dxe4 28. Qxd7 Nxd7 29. e6 fxe6 30. Bxe6+ Kf8 31. Rb1) 27... exd4 $15 28. c4 bxc4 29. Rxc4 Qxd5 {[%csl Gb7][%cal Rd5g2] [#]} 30. f3 Rxc4 31. Bxc4 Qe5 32. Nf1 Bd5 33. Bxd5 Qxd5 34. Rd1 Rd8 35. Ng3 Qe5 36. Ne2 Nh5 37. Qe4 {[#]} Qc5 $1 {...d3+ is the strong threat.} 38. Kh1 Rd6 ({Black should play} 38... Qd6 $17 {White must now prevent ...d3.} 39. Qd3 g6) 39. Qe8+ (39. Ra1 $11 Rd8 40. Ra8 Rxa8 41. Qxa8+ Kh7 42. Qe4+ f5 43. Qxd4) 39... Kh7 $17 40. Qe4+ g6 (40... f5 $17 41. Qd3 Qe5) 41. Qe7 $1 $11 Qb6 (41... Kg7 $11) 42. Qxf7+ $14 Ng7 43. Ng3 $1 Rf6 44. Qd7 (44. Qd5 $14) 44... Rd6 $11 45. Qf7 Rf6 46. Qd7 (46. Qd5 $14) 46... Qd6 $2 {[%mdl 8192]} (46... Rd6 $11 47. Qf7) 47. Ne4 {[%mdl 32832] Double Attack. Accuracy: White = 78%, Black = 82%. . An unexpected result.} 1/2-1/2

[Event "110th Anniversary Open 2020"]
[Site "Hilleroed"]
[Date "2020.02.14"]
[Round "8.9"]
[White "Jensen, Thore Nyboe"]
[Black "Petersen, Peter Birk"]
[Result "1/2-1/2"]
[WhiteElo "2006"]
[BlackElo "2117"]
[Annotator "TA"]
[PlyCount "37"]
[EventDate "2020.02.08"]
[EventType "swiss"]
[EventCountry "DEN"]
[SourceTitle "playchess.com"]
[Source "ChessBase"]
[SourceQuality "1"]

{[%evp 17,37,28,47,0,20,25,33,31,26,26,32,21,45,0,0,0,41,0,0,0,35,0]} 1. e4 c5 2. Nf3 e6 3. d4 cxd4 4. Nxd4 Nf6 5. Nc3 {[%cal Bb1c3,Bc3e2,Be2d4,Bd4b3][%mdl 32]} d6 6. g4 h6 7. Bg2 a6 8. Be3 Qc7 9. h3 Nc6 {9...b5 gains popularity.} 10. Nce2 {B81: Sicilian Scheveningen: Keres Attack.} Bd7 11. O-O Be7 {[#]} 12. Rc1 $146 ({Predecessor:} 12. c3 Nxd4 13. cxd4 Rc8 14. Rc1 Qb8 15. Rxc8+ Bxc8 16. f4 Bd7 17. Ng3 Nh7 18. d5 exd5 19. Qxd5 {1-0 (77) Matinian,N (2503)-Sidorov,A (2302) Samara 2017}) 12... Nxd4 13. Nxd4 O-O 14. c4 Qa5 15. Nb3 Qc7 (15... Qxa2 $2 16. Ra1 $18) 16. Nd4 Qa5 17. Nb3 Qc7 ({Not} 17... Qxa2 $2 18. Ra1 $18) 18. Nd4 Qa5 19. Nb3 {Accuracy: White = 80%, Black = 100%.} 1/2-1/2

[Event "110th Anniversary Open 2020"]
[Site "Hilleroed"]
[Date "2020.02.14"]
[Round "8.10"]
[White "Kristiansen, Jens"]
[Black "Kvendseth, Thyra"]
[Result "1-0"]
[WhiteElo "2406"]
[BlackElo "1889"]
[Annotator "TA"]
[PlyCount "55"]
[EventDate "2020.02.08"]
[EventType "swiss"]
[EventCountry "DEN"]
[SourceTitle "playchess.com"]
[Source "ChessBase"]
[SourceQuality "1"]

{[%evp 18,55,58,57,61,58,62,62,84,75,203,101,211,113,243,125,140,130,152,68,114,38,152,154,207,189,253,261,302,233,225,226,240,191,555,537,898,939,1027,1016]} 1. d4 Nf6 2. c4 g6 3. Nc3 Bg7 4. e4 d6 5. Nf3 O-O 6. Be2 e5 7. d5 a5 8. Bg5 Na6 9. Nd2 Qe8 10. a3 Nd7 {E92: King's Indian: Classical: 6 Be2 e5: 7 dxe5, 7 Be3 and Petrosian System without 7...Nbd7.} 11. b4 {[#]} axb4 $146 ({Predecessor:} 11... f5 12. f3 f4 13. Bh4 g5 14. Bf2 Rf7 15. Nb3 axb4 16. axb4 Rb8 17. Nb5 Nf6 18. Qd2 {1-0 (42) Laketic,G (2368)-Morgunov,D (2048) Palmanova 2016}) 12. axb4 Rb8 {White is slightly better.} 13. Rb1 Nb6 {[#]} (13... Bf6 $16 14. Be3 Qe7) 14. O-O (14. c5 $1 $18 {[%cal Rc5b6][%mdl 512] has better winning chances.} dxc5 15. Bxa6 bxa6 16. bxc5) 14... f5 (14... Nd7 $16 {was worth a try.}) 15. f3 (15. c5 $1 $18 {[%cal Rc5b6]} Nd7 16. cxd6 cxd6 17. Nb5) 15... f4 {[#]} (15... Nd7 $16) 16. Bh4 (16. c5 $1 $18 {[%cal Rc5b6][%mdl 512]} Na8 (16... dxc5 17. Bxa6) 17. Bb5) 16... Nd7 17. Nb5 Nf6 {[#]} 18. Qc2 (18. Bf2 $1 $16) 18... Bd7 19. Qd3 (19. Bf2 $16) 19... h6 ({Better is} 19... g5 $1 $14 20. Bf2 (20. Bxg5 Qh5 $11) 20... g4) 20. Bf2 $16 Qe7 {[#]} (20... g5 $16) 21. c5 $1 $18 {[%mdl 512]} dxc5 (21... g5 $142 22. Na7 g4) 22. bxc5 Nxc5 23. Qa3 b6 24. Nxc7 {And now Rxb6! would win.} Qd6 25. Na6 Ra8 $2 (25... Ncxe4 {is tougher.} 26. Qxd6 Nxd6) 26. Nc4 {White is clearly winning.} ({Not} 26. Bxc5 bxc5 27. Ra1 Bc8 $16) 26... Qe7 27. Nxb6 Rxa6 28. Bxa6 {Accuracy: White = 55%, Black = 23%.} 1-0

[Event "110th Anniversary Open 2020"]
[Site "Hilleroed"]
[Date "2020.02.14"]
[Round "8.11"]
[White "Lohia, Sohum"]
[Black "Hansen, Verner"]
[Result "1/2-1/2"]
[WhiteElo "2025"]
[BlackElo "1761"]
[Annotator "TA"]
[PlyCount "74"]
[EventDate "2020.02.08"]
[EventType "swiss"]
[EventCountry "DEN"]
[SourceTitle "playchess.com"]
[Source "ChessBase"]
[SourceQuality "1"]

{[%evp 15,74,19,31,0,17,1,41,40,51,-9,63,36,58,41,49,54,48,-31,-25,-27,-23,-28,-29,-79,-33,-157,-96,-103,-101,-101,-91,-118,-84,-86,-86,-83,-82,-79,-64,-64,-66,-66,-56,-82,-82,-82,-70,-71,-48,-59,-54,-75,-59,-89,-59,-69,-59,-72,0,-88,-75]} 1. b3 d5 2. Bb2 Bf5 3. Nf3 e6 4. g3 Nd7 5. Bg2 Ngf6 6. O-O Bd6 7. d3 O-O 8. Nbd2 c6 9. Qe1 {A07: Réti Opening: New York and Capablanca Systems.} Bg6 10. e4 dxe4 11. dxe4 {[#] Strongly threatening e5.White is slightly better.} Bb4 {[#]} 12. c3 $146 (12. a3 $14 Ba5 13. Qe2) ({Predecessor:} 12. a3 Bxd2 13. Nxd2 Qc7 14. Qe2 e5 15. Rad1 Rad8 16. Nc4 b5 17. Nd6 Ne8 18. Nf5 {1-0 (38) Sandstrom,L (2355)-Jensen,L (2070) Stockholm 1996}) 12... Ba5 (12... Be7 $11) 13. Qe2 Qe7 14. Nc4 Bc7 15. e5 {[#] And now Ba3 would win.} Nd5 16. Nh4 (16. Nd4 $14) 16... Nf4 $1 $36 {[%cal Rf4e2][%mdl 2048] Black is pushing.} 17. gxf4 Qxh4 18. Rad1 Nb6 19. Rd4 Rad8 20. Rfd1 ({White should try} 20. Nd6 $15) 20... Bh5 ({Black should play} 20... Nxc4 21. bxc4 Bb6) 21. Bf3 $17 Bxf3 22. Qxf3 Nxc4 23. bxc4 Bb6 24. Rxd8 Rxd8 25. Rxd8+ Qxd8 26. Bc1 f5 27. Kg2 Qd7 28. Qe2 h6 29. Ba3 c5 30. Bc1 Qc6+ 31. f3 g6 32. Qd3 Bc7 33. h4 Kf7 34. Kg3 Ke7 35. Be3 b6 36. Bf2 Qd7 (36... Qe8 $17 37. Kg2 Qa4) 37. Qe2 (37. Qxd7+ $11 {remains equal.} Kxd7 38. h5) 37... Ke8 {Accuracy: White = 63%, Black = 70%.} 1/2-1/2

[Event "110th Anniversary Open 2020"]
[Site "Hilleroed"]
[Date "2020.02.15"]
[Round "9.1"]
[White "Gukesh D"]
[Black "Ostergaard, Jens"]
[Result "1-0"]
[WhiteElo "2542"]
[BlackElo "2229"]
[Annotator "TA"]
[PlyCount "77"]
[EventDate "2020.02.08"]
[EventType "swiss"]
[EventCountry "DEN"]
[SourceTitle "playchess.com"]
[Source "ChessBase"]
[SourceQuality "1"]

{[%evp 11,87,22,45,46,61,54,47,41,45,36,37,37,45,31,36,32,36,36,34,30,53,53,58,64,52,66,49,50,57,43,48,33,33,28,33,27,26,29,33,33,53,39,45,3,74,84,76,-6,-8,-20,0,-24,0,0,0,0,248,170,169,171,364,358,529,522,514,471,906,827,908,891,29988,29989,29991,29989,29989,29990,29992,29991]} 1. Nf3 Nf6 2. g3 g6 3. Bg2 Bg7 4. O-O O-O 5. d4 d6 6. Re1 c6 7. e4 {A49: 1 d4 Nf6 2 Nf3 g6 3 g3: Anti-King's Indian systems.} Bg4 8. h3 Bxf3 9. Bxf3 {[#] White is slightly better.} Qc7 $146 ({Predecessor:} 9... e5 10. c3 Nbd7 11. Na3 b5 12. Nc2 Qc7 13. a4 a6 14. Bg5 h6 15. Bd2 Kh7 {1-0 (50) Djuric,S (2445)-Pesotsky,V (2283) Bastia 2012}) 10. a4 e5 11. dxe5 dxe5 12. Na3 Rd8 13. Qe2 $1 Nbd7 14. Nc4 Nc5 15. a5 Ne6 16. c3 b5 17. axb6 $1 axb6 18. Be3 $1 {[%cal Re3b6]} c5 19. Na3 h5 20. h4 Qc6 21. Rad1 Nc7 22. Nc4 Qe6 23. Bg5 b5 24. Ne3 Rxd1 25. Rxd1 Bf8 26. Bg2 (26. g4 {is interesting.} hxg4 27. Nxg4 Nh5 28. Qd3 c4 29. Qd7) 26... c4 27. Nd5 Ncxd5 (27... Nfxd5 $11 {keeps the balance.} 28. exd5 Qd6) 28. exd5 $16 Qd6 {[#]} 29. Bh3 (29. Bxf6 $1 $16 Qxf6 30. d6) 29... Nh7 $11 30. Be3 Nf6 31. Qc2 Re8 ({But not} 31... Nxd5 $6 32. Bg2 $16) 32. b4 cxb3 33. Qxb3 b4 $2 (33... Rb8 $11 {and Black is okay.}) 34. c4 {Strongly threatening c5.} Ne4 {[#]} 35. Bg2 $1 $36 {[%cal Rg2e4][%mdl 2048] White has strong initiative.} Nc3 $2 (35... Nc5 {is a better defense.} 36. Qxb4 Rb8) 36. c5 $18 Qa6 (36... Qb8 {keeps fighting.} 37. Rd2 Rd8) 37. Rd2 Qa3 38. Qc4 Na4 (38... Rb8 $142 39. d6 Qa1+ 40. Bf1 b3) 39. d6 {Played: Rd2-a2} 1-0

[Event "110th Anniversary Open 2020"]
[Site "Hilleroed"]
[Date "2020.02.15"]
[Round "9.2"]
[White "Jacobsen, Mikkel Manosri"]
[Black "Zeng, Chongsheng"]
[Result "0-1"]
[WhiteElo "2315"]
[BlackElo "2567"]
[Annotator "TA"]
[PlyCount "98"]
[EventDate "2020.02.08"]
[EventType "swiss"]
[EventCountry "DEN"]
[SourceTitle "playchess.com"]
[Source "ChessBase"]
[SourceQuality "1"]

{[%evp 18,98,0,0,0,-11,16,19,16,22,23,0,0,0,0,0,0,0,0,0,0,0,22,-27,-43,-99,-46,-50,-41,-44,-42,-35,-39,-54,-36,-63,-49,-49,-49,-91,-86,-127,-121,-131,-131,-120,-125,-111,-109,-149,-142,-142,-137,-159,-97,-152,-122,-134,-129,-142,-136,-157,-154,-218,-216,-208,-212,-222,-207,-264,-242,-333,-328,-714,-723,-840,-810,-768,-702,-872,-851,-930,-899]} 1. d4 Nf6 2. c4 e6 3. Nf3 d5 4. g3 Bb4+ 5. Bd2 Be7 6. Bg2 O-O 7. O-O Nbd7 8. Bf4 c6 9. Nc3 dxc4 10. e4 Re8 {E07: Closed Catalan: Main Line (5 Nf3 0-0 6 0-0 Nbd7).} 11. a4 Bb4 $5 {[%mdl 4] A promising side line.} 12. Qe2 {[#]} a5 $146 {The position is equal.} ({Predecessor:} 12... Bxc3 13. bxc3 b5 14. e5 Nd5 15. Ng5 Qe7 16. Ne4 a5 17. axb5 cxb5 18. Bg5 Qf8 {0-1 (37) Berczes,D (2452)-Paragua,M (2496) Charlotte 2019}) 13. Rfd1 b6 14. Ne5 Nxe5 $1 15. Bxe5 Nd7 16. Bf4 e5 17. dxe5 Qe7 18. Qxc4 Nc5 19. Qe2 Ba6 20. Qg4 Nd3 21. Bf1 (21. Rab1 $15) 21... Bc8 (21... Nxb2 $17 {...Bxf1 is the strong threat.} 22. Rd7 Bc8 23. Rxe7 Bxg4 24. Rxe8+ Rxe8) 22. Qf3 $15 Nxe5 23. Bxe5 Qxe5 24. Bc4 Ra7 25. Rd3 h5 26. Re1 Rae7 27. Qe3 Bc5 28. Qd2 {[#]} h4 $1 {[%mdl 512]} 29. Kg2 {[#]} (29. gxh4 Qf6) 29... Qh5 $1 30. Qf4 hxg3 31. Rxg3 Bd4 32. Qf3 Qxf3+ 33. Kxf3 Be6 34. Bxe6 Rxe6 ({Much less strong is} 34... fxe6 35. Ke2 $15) 35. Kg2 Be5 (35... Bxc3 $142 36. Rxc3 Rxe4) 36. Rh3 (36. Rd3 $142) 36... Rd8 37. b3 Rd2 38. Ne2 Bd6 39. Nc1 {[#]} f5 $1 {[%mdl 512]} 40. e5 (40. Rd3 $17 Rxd3 41. Nxd3) (40. exf5 Rxe1) 40... Rxe5 $19 ({Resist} 40... Bxe5 41. Rd3 $17) 41. Rxe5 Bxe5 {[%mdl 4096] Endgame KRB-KRN} 42. Rf3 g6 43. h4 Kg7 44. h5 gxh5 45. Rxf5 $2 (45. Nd3 Bd4 46. Kf1) 45... Bb2 {Black is clearly winning.} 46. Na2 Kg6 47. Rf3 Rc2 48. b4 Bd4 49. bxa5 bxa5 {Accuracy: White = 57%, Black = 88%.} 0-1

[Event "110th Anniversary Open 2020"]
[Site "Hilleroed"]
[Date "2020.02.15"]
[Round "9.3"]
[White "Siva Mahadevan"]
[Black "Stanford, Maxim Barth"]
[Result "1-0"]
[WhiteElo "2310"]
[BlackElo "2339"]
[Annotator "ChessBase"]
[PlyCount "105"]
[EventDate "2020.02.08"]
[EventType "swiss"]
[EventCountry "DEN"]
[SourceTitle "playchess.com"]
[Source "ChessBase"]
[SourceQuality "1"]
[TimeControl "40/5400+30:1800+30"]

1. e4 {[%emt 0:06:48]} e6 {[%emt 0:00:00]} 2. d4 {[%emt 0:00:38]} d5 {[%emt 0:00:00]} 3. Nc3 {[%emt 0:00:58]} Bb4 {[%emt 0:00:00]} 4. e5 {[%emt 0:00:06]} c5 {[%emt 0:00:09]} 5. a3 {[%emt 0:00:07]} Bxc3+ {[%emt 0:00:05]} 6. bxc3 {[%emt 0:00:04]} Qa5 {[%emt 0:00:13]} 7. Bd2 {[%emt 0:00:05]} Qa4 {[%emt 0:00:12]} 8. Qg4 {[%emt 0:00:28]} Kf8 {[%emt 0:00:25]} 9. Qd1 {[%emt 0:00:34]} Nc6 {[%emt 0:00:37]} 10. Nf3 {[%emt 0:00:51]} b6 {[%emt 0:06:51]} 11. h4 {[%emt 0:14:02]} h6 {[%emt 0:01:58]} 12. h5 {[%emt 0:02:46]} Ba6 {[%emt 0:03:08]} 13. Rh4 {[%emt 0:00:48]} Bxf1 {[%emt 0:00:21]} 14. Kxf1 {[%emt 0:00:09]} Qa6+ {[%emt 0:09:24]} 15. Kg1 {[%emt 0:00:23]} cxd4 {[%emt 0:02:35]} 16. cxd4 {[%emt 0:03:06]} Nge7 {[%emt 0:00:19]} 17. Rf4 {[%emt 0:07:14]} Ke8 {[%emt 0:01:06]} 18. Nh4 {[%emt 0:10:57]} Rc8 {[%emt 0:05:23]} 19. Qf3 {[%emt 0:20:52]} Nd8 {[%emt 0:04:33]} 20. c3 {[%emt 0:10:47]} Qa4 {[%emt 0:01:58]} 21. Rg4 {[%emt 0:01:53]} Qc2 {[%emt 0:02:10]} 22. Be3 {[%emt 0:08:08]} Rg8 {[%emt 0:03:45]} 23. Rc1 {[%emt 0:01:30]} Qb2 {[%emt 0:02:02]} 24. Qg3 {[%emt 0:00:51]} Rxc3 {[%emt 0:00:45]} 25. Rxc3 {[%emt 0:00:21]} Qxc3 {[%emt 0:00:06]} 26. Rxg7 {[%emt 0:00:17]} Rh8 {[%emt 0:01:15]} 27. Qf4 {[%emt 0:04:10]} Qd3 {[%emt 0:05:37]} 28. Kh2 {[%emt 0:03:39]} Qe2 {[%emt 0:14:18]} 29. g4 {[%emt 0:00:23]} a5 {[%emt 0:04:16]} 30. a4 {[%emt 0:01:23]} Qd1 {[%emt 0:00:39]} 31. Bc1 {[%emt 0:00:37]} Qxa4 {[%emt 0:02:05]} 32. Be3 {[%emt 0:00:34]} Qd1 {[%emt 0:00:21]} 33. Qf6 {[%emt 0:00:24]} Ng8 {[%emt 0:02:05]} 34. Qf4 {[%emt 0:00:21]} Ne7 {[%emt 0:06:49]} 35. Qf6 {[%emt 0:00:24]} Ng8 {[%emt 0:03:39]} 36. Qf4 {[%emt 0:00:02]} Qc2 {[%emt 0:09:51]} 37. g5 {[%emt 0:01:05]} Qe4 {[%emt 0:00:59]} 38. Qxe4 {[%emt 0:00:39]} dxe4 {[%emt 0:00:06]} 39. g6 {[%emt 0:00:07]} Ne7 {[%emt 0:00:51]} 40. Rh7 {[%emt 0:00:27]} Rg8 {[%emt 0:01:44]} 41. g7 {[%emt 0:03:38]} f5 {[%emt 0:05:08]} 42. exf6 {[%emt 0:05:00]} Nd5 {[%emt 0:00:09]} 43. Rxh6 {[%emt 0:00:58]} Kf7 {[%emt 0:05:09]} 44. Bg5 {[%emt 0:00:49]} a4 {[%emt 0:01:37]} 45. Rh8 {[%emt 0:00:44]} a3 {[%emt 0:02:26]} 46. h6 {[%emt 0:00:21]} a2 {[%emt 0:00:04]} 47. h7 {[%emt 0:00:12]} Rxg7 {[%emt 0:00:13]} 48. Rf8+ {[%emt 0:01:41]} Kxf8 {[%emt 0:00:07]} 49. h8=Q+ {[%emt 0:00:06]} Rg8 {[%emt 0:00:18]} 50. Ng6+ {[%emt 0:00:05]} Ke8 {[%emt 0:00:45]} 51. Qxg8+ {[%emt 0:00:04]} Kd7 {[%emt 0:00:10]} 52. Ne5+ {[%emt 0:00:15]} Kc8 {[%emt 0:00:21]} 53. f7 {[%emt 0:00:06]} 1-0